000 00272nam a22001217a 4500
003 OSt
008 250205b |||||||| |||| 00| 0 eng d
041 _aeng
100 _aGupta
_97049
245 _aPump Servicing and Maintenance
700 _aKaushik, JP
_97072
942 _cBK
999 _c19301
_d19301